000 00694nam a2200229 i 4500
001 12529
003 ES-MaACL
005 20250804062524.0
007 t|
008 961011s1996 sp ||||0| spa
020 _a84-206-0796-7
080 _a7.037.5(038)
100 1 _aPariente, Ángel,
_d1937-2017
_9173196
245 1 0 _aDiccionario temático del surrealismo /
_cÁngel Pariente.
260 _aMadrid :
_bAlianza Editorial,
_c[1996]
300 _a409 p ;
_c18 cm.
490 1 _aEl libro de bolsillo ;
_v1796
650 4 _aSurrealismo (Arte)-
_vDiccionarios.
_9173197
830 1 3 _aEl libro de bolsillo
_v1796
_9177802
852 _aES-MaACL
_jL-19811
999 _c12529
_d12529